[Event "Ghent Taminco op 34th"]
[Site "Ghent"]
[Date "2011.07.19"]
[Round "8"]
[White "Brasser, Paul"]
[Black "Ondersteijn, Niels"]
[Result "0-1"]
[WhiteElo "2172"]
[BlackElo "2296"]
[PlyCount "46"]
[EventDate "2011.07.16"]
[EventType "swiss"]
[EventRounds "9"]
[EventCountry "BEL"]
[SourceTitle "CBM 143 Extra"]
[Source "ChessBase"]
[SourceDate "2011.08.29"]
[SourceVersion "1"]
[SourceVersionDate "2011.08.29"]
[SourceQuality "1"]

1. e4 c5 2. Nf3 g6 3. d4 cxd4 4. Nxd4 Nc6 5. Nc3 Bg7 6. Be3 Nf6 7. Nxc6 bxc6 8. e5 Ng8 9. f4 Nh6 10. Bd3 d6 11. exd6 exd6 12. Qf3 0-0 13. 0-0 Nf5 14. Bxf5 Bxf5 15. Qxc6 Rb8 16. Rad1 Rxb2 17. Bxa7 Qa5 18. Bd4 Bxd4+ 19. Rxd4 Rc8 20. Qxd6 Qxc3 21. Rfd1 Qxc2 22. R4d2 Qxd2 23. Rxd2 Rc1+ 0-1

[Event "Ghent Taminco op 34th"]
[Site "Ghent"]
[Date "2011.07.17"]
[Round "3"]
[White "Brasser, Paul"]
[Black "Witkamp, Jarno"]
[Result "1/2-1/2"]
[WhiteElo "2172"]
[BlackElo "1832"]
[PlyCount "21"]
[EventDate "2011.07.16"]
[EventType "swiss"]
[EventRounds "9"]
[EventCountry "BEL"]
[SourceTitle "CBM 143 Extra"]
[Source "ChessBase"]
[SourceDate "2011.08.29"]
[SourceVersion "1"]
[SourceVersionDate "2011.08.29"]
[SourceQuality "1"]

1. e4 c6 2. d4 d5 3. Nc3 dxe4 4. Nxe4 Nd7 5. Nf3 Ngf6 6. Ng3 g6 7. Bc4 Bg7 8. 0-0 0-0 9. Re1 Nb6 10. Bb3 Qc7 11. c3 1/2-1/2

[Event "Ghent Taminco op 34th"]
[Site "Ghent"]
[Date "2011.07.17"]
[Round "4"]
[White "Feelders, Ad"]
[Black "Brasser, Paul"]
[Result "0-1"]
[WhiteElo "2038"]
[BlackElo "2172"]
[PlyCount "90"]
[EventDate "2011.07.16"]
[EventType "swiss"]
[EventRounds "9"]
[EventCountry "BEL"]
[SourceTitle "CBM 143 Extra"]
[Source "ChessBase"]
[SourceDate "2011.08.29"]
[SourceVersion "1"]
[SourceVersionDate "2011.08.29"]
[SourceQuality "1"]

1. e4 c5 2. c3 Nf6 3. e5 Nd5 4. d4 cxd4 5. Nf3 e6 6. cxd4 Nc6 7. Bc4 Nb6 8. Bb3 d6 9. Qe2 Qc7 10. Nc3 a6 11. 0-0 dxe5 12. dxe5 Be7 13. Qe4 Nd7 14. Re1 b5 15. Qg4 Kf8 16. Bf4 Nc5 17. Rad1 Nxb3 18. axb3 h5 19. Qh3 Bb7 20. Ne4 Nb4 21. Nd6 Bd5 22. Nd4 Rd8 23. Qc3 Qxc3 24. bxc3 Nc6 25. Nxc6 Bxc6 26. Ra1 Ra8 27. Red1 g5 28. Be3 Kg7 29. c4 Kg6 30. Ra5 Bd8 31. Ra2 bxc4 32. Nxc4 Bd5 33. Rda1 Rb8 34. Rxa6 Rxb3 35. Nd6 f6 36. Bd4 Rd3 37. Bb2 Rd2 38. Bc3 Rc2 39. Bd4 Rf8 40. exf6 Bxf6 41. Bxf6 Rxf6 42. f3 g4 43. Ne4 gxf3 44. Nxf6 Rxg2+ 45. Kh1 Kxf6 0-1

[Event "Ghent Taminco op 31st"]
[Site "Ghent"]
[Date "2008.07.22"]
[Round "7"]
[White "Wiley, Tom E"]
[Black "Brasser, Paul"]
[Result "1/2-1/2"]
[WhiteElo "2299"]
[BlackElo "2145"]
[PlyCount "78"]
[EventDate "2008.07.19"]
[EventType "swiss"]
[EventRounds "9"]
[EventCountry "BEL"]
[SourceTitle "CBM 125 Extra"]
[Source "ChessBase"]
[SourceDate "2008.09.01"]
[SourceVersion "1"]
[SourceVersionDate "2008.09.01"]
[SourceQuality "1"]

1. d4 d5 2. c4 c6 3. Nf3 Nf6 4. e3 e6 5. Nbd2 Nbd7 6. b3 Be7 7. Bb2 0-0 8. Bd3 c5 9. 0-0 b6 10. Rc1 Bb7 11. Qe2 Rc8 12. Rfd1 cxd4 13. exd4 dxc4 14. bxc4 Qc7 15. Nf1 Bd6 16. Ne5 Rfd8 17. Ng3 Nf8 18. Ng4 Nxg4 19. Qxg4 f5 20. Qe2 Re8 21. Qc2 Bf4 22. Rb1 Qc6 23. Bf1 Qc7 24. Qb3 Ba6 25. c5 Bxf1 26. cxb6 Bc4 27. bxc7 Bxb3 28. axb3 Rxc7 29. d5 exd5 30. Nxf5 g6 31. Nd4 Nd7 32. g3 Be5 33. Nb5 Rc5 34. Bxe5 Rxb5 35. Bd4 a5 36. Ra1 Nc5 37. Bxc5 Rxc5 38. Rd2 Rb8 39. Rad1 Rxb3 1/2-1/2

[Event "Schneider Bohemia op-A"]
[Site "Plzen"]
[Date "2000.??.??"]
[Round "?"]
[White "Brasser, Paul"]
[Black "Weiss, Oliver"]
[Result "1/2-1/2"]
[WhiteElo "1960"]
[BlackElo "2140"]
[PlyCount "32"]
[EventDate "2000.??.??"]
[EventType "swiss"]
[EventRounds "9"]
[EventCountry "CZE"]
[SourceTitle "EXT 2003"]
[Source "ChessBase"]
[SourceDate "2002.11.25"]
[SourceVersion "1"]
[SourceVersionDate "2002.11.25"]
[SourceQuality "1"]

1. e4 e6 2. b3 d5 3. Bb2 dxe4 4. Nc3 Nf6 5. Qe2 Be7 6. 0-0-0 Bd7 7. g4 h6 8. Bg2 Bc6 9. Nxe4 Nxe4 10. Bxe4 Bf6 11. d4 Bxe4 12. Qxe4 Qd5 13. Qxd5 exd5 14. Re1+ Kd7 15. f4 Nc6 16. Nf3 Rae8 1/2-1/2